Extending public sewerage networks (Record no. 74650)
[ view plain ]
| 000 -LEADER | |
|---|---|
| fixed length control field | 01944cab a2200313 4500 |
| 001 - CONTROL NUMBER | |
| control field | ABS68584 |
| 008 - FIXED-LENGTH DATA ELEMENTS--GENERAL INFORMATION | |
| fixed length control field | 041206n2004 000 0 eng u |
| 035 ## - SYSTEM CONTROL NUMBER | |
| System control number | (Sirsi) u128201 |
| 100 ## - MAIN ENTRY--PERSONAL NAME | |
| Personal name | Telfer, S. |
| 245 ## - TITLE STATEMENT | |
| Title | Extending public sewerage networks |
| 260 ## - PUBLICATION, DISTRIBUTION, ETC. | |
| Date of publication, distribution, etc. | 2004 |
| 490 ## - SERIES STATEMENT | |
| Series statement | Scottish Planning and Environmental Law |
| Volume/sequential designation | (105) October 2004, 101-106(6) |
| 520 ## - SUMMARY, ETC. | |
| Summary, etc. | Examines some of the legal and practical issues surrounding the funding of additional capacity within the existing wastewater infrastructure to allow new housing development in Scotland over the next five years, referring in particular to the two consultations released by the Scottish Executive in July 2004. Focuses on the future expansion of the public sewerage network where the main problems in terms of development constraints for new housing probably lie but also makes relevant comments on the delivery of drinking water to new homes and businesses. Concludes that Scotland is facing a development crisis and that the Scottish Executive needs to find ways to manage this crisis until the realisation of their long-term commitment as proposed in the consultations to overcome development constraint through publicly funded capital investment can be realised. References. |
| 590 ## - LOCAL NOTE (RLIN) | |
| Local note | ABS |
| 650 ## - SUBJECT ADDED ENTRY--TOPICAL TERM | |
| Topical term or geographic name entry element | QUALITY AND STANDARDS III PROJECT |
| 650 ## - SUBJECT ADDED ENTRY--TOPICAL TERM | |
| Topical term or geographic name entry element | SEWERAGE (SCOTLAND) ACT 1968 |
| 650 ## - SUBJECT ADDED ENTRY--TOPICAL TERM | |
| Topical term or geographic name entry element | WATER (SCOTLAND) ACT 1980 |
| 650 ## - SUBJECT ADDED ENTRY--TOPICAL TERM | |
| Topical term or geographic name entry element | WATER ENVIRONMENT AND WATER SERVICES (SCOTLAND) ACT 2003 |
| 650 ## - SUBJECT ADDED ENTRY--TOPICAL TERM | |
| Topical term or geographic name entry element | BATHING WATER (CLASSIFICATION) (SCOTLAND) REGULATIONS 1991 |
| 650 ## - SUBJECT ADDED ENTRY--TOPICAL TERM | |
| Topical term or geographic name entry element | URBAN WASTE WATER TREATMENT (SCOTLAND) REGULATIONS 1994 |
| 650 ## - SUBJECT ADDED ENTRY--TOPICAL TERM | |
| Topical term or geographic name entry element | WASTE WATER |
| 650 ## - SUBJECT ADDED ENTRY--TOPICAL TERM | |
| Topical term or geographic name entry element | RESIDENTIAL DEVELOPMENT |
| 650 ## - SUBJECT ADDED ENTRY--TOPICAL TERM | |
| Topical term or geographic name entry element | SCOTLAND |
| 650 ## - SUBJECT ADDED ENTRY--TOPICAL TERM | |
| Topical term or geographic name entry element | PUBLIC SEWERS |
| 650 ## - SUBJECT ADDED ENTRY--TOPICAL TERM | |
| Topical term or geographic name entry element | CONTROL OF POLLUTION ACT 1974 S34 |
| 650 ## - SUBJECT ADDED ENTRY--TOPICAL TERM | |
| Topical term or geographic name entry element | TAYSIDE REGIONAL COUNCIL V SOS FOR SCOTLAND 1996 |
| 690 ## - LOCAL SUBJECT ADDED ENTRY--TOPICAL TERM (OCLC, RLIN) | |
| Topical term or geographic name as entry element | ENVIRONMENTAL AND LAND CONSULTANCY-WASTE MANAGEMENT |
| 942 ## - ADDED ENTRY ELEMENTS (KOHA) | |
| Suppress in OPAC | 0 |
| Withdrawn status | Lost status | Source of classification or shelving scheme | Damaged status | Not for loan | Home library | Current library | Shelving location | Date acquired | Total Checkouts | Full call number | Barcode | Date last seen | Copy number | Price effective from | Koha item type |
|---|---|---|---|---|---|---|---|---|---|---|---|---|---|---|---|
| Dewey Decimal Classification | London | London | Journal article | 06/12/2004 | ABS68584 | 128201-1001 | 06/08/2019 | 1 | 06/08/2019 | Journal article |